00593nam a2200193Ia 4500003000400000005001700004008004100021040000700062041000800069082001600077100003100093245003800124260004100162300001000203650002200213942001300235999001900248952013200267OSt20260402105026.0250729s2011 xx 000 0 und d cAL akan a370.25 SOMA aDr.N.T.Somasheakar9230841 aAdhunikha bharathada arthashathra aBangalorebChaithra Prakashanac2011 a1046p aEconomics9230842 2ddccBED c238983d238983 00104070aALbALd2025-07-29eManagement Booksg675.00l0o370.25 SOMApBED04302r2025-07-29 16:57:10v675.00w2025-07-29yBK